| 000 | 00869nam a22002057a 4500 | ||
|---|---|---|---|
| 999 |
_c13256 _d13256 |
||
| 003 | AR-CdUCM | ||
| 008 | 190411b ||||| |||| 00| 0 spa d | ||
| 040 |
_aMUNICIPALIDAD PROVINCIAL DEL CUSCO _cBIBLIOTECA MUNICIPAL DEL CUSCO |
||
| 082 |
_aC / 3752.34 / _bZ41 |
||
| 100 |
_aZebedeo Garcia, J _931568 |
||
| 245 |
_aNúcleos escolares : _binforme sobre el programa de educación rural - escuela central de Jaillihuaya / |
||
| 260 |
_aLima : _bMinisterio de educación pública, _c1949. |
||
| 300 |
_a51 páginas ; _c25 cm. |
||
| 505 | _aLa política del buen vecino en acción -- El problema rural del Perú -- El problema indígena quechua -- El problema de la educación preocupa... | ||
| 650 |
_aProblema de la educación. _931569 |
||
| 650 |
_aProblema rural. _931570 |
||
| 650 |
_aNúcleos escolares _931571 |
||
| 942 |
_2ddc _cFOLLETOS |
||
| 945 |
_awfj _d2019-04-11 |
||